000 00893nac a22003370a 4500
001 PT191
003 AR-LpoUNG
005 20210201004707.0
008 201001s1986||||ag |||||||||||||||||spa d
020 _a950431015X
_c$0,8
040 _aAR-LpoUNG
_bspa
_eaacr
041 _aspa
044 _aag
082 0 _a982 156
100 1 _aPalermo, Vicente
245 1 0 _aDemocracia interna en los partidos políticos
250 _a1ra ed.
260 _aBuenos Aires :
_bInstituto de Desarrollo Económico y Social,
_c1986.
300 _a123 p. :
_bil.
_3Impreso
490 0 _aHombre y sociedad
650 4 _aCONFLICTOS POLITICOS
650 4 _aGOBIERNO
650 4 _aHISTORIA SOCIAL
650 4 _aINVESTIGACION
650 4 _aPARTIDOS POLITICOS
650 4 _aPOLITICA GUBERNAMENTAL
650 4 _aREPRESENTACION POLITICA
651 4 _aArgentina
905 _a191
942 _cLIB
999 _c47246
_d47246